[Event "TCh-CHN 2017"]
[Site "China CHN"]
[Date "2017.07.26"]
[Round "8.3"]
[Board "3"]
[White "Gao, Rui"]
[Black "Malakhov, Vladimir"]
[Result "1/2-1/2"]
[WhiteTitle "GM"]
[BlackTitle "GM"]
[WhiteElo "2546"]
[BlackElo "2686"]
[WhiteTeam "Hangzhou"]
[BlackTeam "Tianjin"]
[WhiteFideId "8602387"]
[BlackFideId "4120787"]
[EventDate "2017.04.18"]

1. d4 d5 2. c4 c6 3. Nf3 Nf6 4. Nc3 a6 5. e3 Bf5 6. Ne5 Nbd7 7. Qb3 Qc7 8. cxd5
Nxe5 9. dxe5 Nxd5 10. Nxd5 cxd5 11. Bd2 e6 12. Rc1 Qd7 13. Be2 Be7 14. Ba5 Bd8
15. Bb4 f6 16. g4 Be4 17. f3 Bg6 18. exf6 Bxf6 19. h4 h5 20. g5 Bd8 21. Kf2 Kf7
22. a4 Re8 23. Bd3 Bxd3 24. Qxd3 Kg8 25. b3 a5 26. Bc3 Bb6 27. Be5 Rac8 28. Qg6
Qf7 29. Qxf7+ Kxf7 30. g6+ Kxg6 31. Rhg1+ Kh6 32. Bxg7+ Kh7 33. Bf6 Rxc1 34.
Rxc1 e5 35. Ke2 Kg6 36. Bg5 Kf5 37. Rd1 Ke6 38. e4 Bd4 39. Rc1 dxe4 40. fxe4 Rf8
41. Rf1 Rxf1 42. Kxf1 Kd6 43. Ke2 Kc6 44. Kd3 b6 45. Kc4 Bf2 46. Bf6 Bd4 47. Be7 1/2-1/2

[Event "TCh-CHN 2017"]
[Site "China CHN"]
[Date "2017.07.26"]
[Round "8.3"]
[Board "5"]
[White "Xiao, Yiyi"]
[Black "Girya, Olga"]
[Result "1/2-1/2"]
[WhiteTitle "WFM"]
[BlackTitle "WGM"]
[WhiteElo "2311"]
[BlackElo "2484"]
[WhiteTeam "Tianjin"]
[BlackTeam "Hangzhou"]
[WhiteFideId "8606161"]
[BlackFideId "4195752"]
[EventDate "2017.04.18"]

1. c4 e6 2. Nf3 d5 3. g3 Nf6 4. Bg2 Be7 5. O-O O-O 6. d4 Nbd7 7. Qc2 c6 8. Nbd2
b6 9. e4 dxc4 10. Nxc4 Bb7 11. Rd1 c5 12. Nfe5 cxd4 13. Rxd4 Qc7 14. Bf4 Nxe5
15. Bxe5 Qc6 16. Qd2 Bc5 17. Bxf6 Bxd4 18. Bxd4 Qxc4 19. Bxg7 Kxg7 20. Qg5+ Kh8
21. Qf6+ Kg8 22. Qg5+ Kh8 23. Qf6+ Kg8 24. Qg5+ Kh8 1/2-1/2

[Event "TCh-CHN 2017"]
[Site "China CHN"]
[Date "2017.07.26"]
[Round "8.4"]
[Board "2"]
[White "Ni, Hua"]
[Black "Lan, Zilun"]
[Result "1-0"]
[WhiteTitle "GM"]
[WhiteElo "2671"]
[BlackElo "2361"]
[WhiteTeam "Shanghai"]
[BlackTeam "Zhejiang"]
[WhiteFideId "8601160"]
[BlackFideId "8604193"]
[EventDate "2017.04.18"]

1. e4 c6 2. d4 d5 3. e5 Bf5 4. Nf3 e6 5. Be2 c5 6. Be3 Nc6 7. dxc5 Nge7 8. c3
Ng6 9. Qa4 Be7 10. Nbd2 h5 11. O-O Kf8 12. b4 Ncxe5 13. h3 Nxf3+ 14. Nxf3 Be4
15. Rad1 Qc7 16. Nd2 Nf4 17. Bxf4 Qxf4 18. Nxe4 dxe4 19. Rd7 Rh6 20. Rxb7 Bf6
21. Qd7 Be5 22. g3 Qf6 23. f4 Bxc3 24. c6 Rh8 25. c7 Qd4+ 26. Qxd4 Bxd4+ 27. Kg2
g6 1-0

[Event "TCh-CHN 2017"]
[Site "China CHN"]
[Date "2017.07.26"]
[Round "8.4"]
[Board "3"]
[White "Zhou, Jianchao"]
[Black "Lu, Shanglei"]
[Result "1/2-1/2"]
[WhiteTitle "GM"]
[BlackTitle "GM"]
[WhiteElo "2597"]
[BlackElo "2641"]
[WhiteTeam "Shanghai"]
[BlackTeam "Zhejiang"]
[WhiteFideId "8603537"]
[BlackFideId "8603332"]
[EventDate "2017.04.18"]

1. d4 Nf6 2. c4 e6 3. Nc3 d5 4. cxd5 Nxd5 5. e4 Nxc3 6. bxc3 c5 7. Rb1 cxd4 8.
cxd4 Nc6 9. Bb5 a6 10. Bxc6+ bxc6 11. Nf3 c5 12. O-O cxd4 13. Nxd4 Bc5 14. Be3
Bxd4 15. Qxd4 Qxd4 16. Bxd4 O-O 17. Rfd1 Rd8 18. f3 h5 19. h4 Rd7 20. Bc3 Rxd1+
21. Rxd1 Bb7 22. Rd7 Rc8 23. Ba5 Bc6 24. Rd8+ Rxd8 25. Bxd8 f5 26. exf5 exf5 27.
Kf2 Kf7 28. Ke3 g6 29. Kd4 Ke6 30. Kc5 Bb5 1/2-1/2

[Event "TCh-CHN 2017"]
[Site "China CHN"]
[Date "2017.07.26"]
[Round "8.4"]
[Board "4"]
[White "Ding, Yixin"]
[Black "Ju, Wenjun"]
[Result "1/2-1/2"]
[WhiteTitle "WGM"]
[BlackTitle "GM"]
[WhiteElo "2424"]
[BlackElo "2567"]
[WhiteTeam "Zhejiang"]
[BlackTeam "Shanghai"]
[WhiteFideId "8602972"]
[BlackFideId "8603006"]
[EventDate "2017.04.18"]

1. e4 e5 2. Nf3 Nc6 3. Nc3 Nf6 4. d4 exd4 5. Nxd4 Bb4 6. Nxc6 bxc6 7. Bd3 O-O 8.
O-O Re8 9. Qf3 Rb8 10. Bg5 Bd6 11. Bxf6 Qxf6 12. Qxf6 gxf6 13. Na4 Be5 14. Rae1
d5 15. b3 Be6 16. h3 Bd6 17. Re3 Re7 18. Rfe1 Bd7 19. R3e2 Rbe8 20. exd5 cxd5
21. Rxe7 Bxe7 22. Nc3 c6 23. Kf1 Kg7 24. Ne2 Bd6 25. Nd4 Re5 26. Nf3 Rxe1+ 27.
Kxe1 f5 28. Ba6 c5 29. Bb7 Be6 30. Ke2 Kf6 31. Nd2 h6 32. Nb1 Be5 33. Na3 Bb8
34. Nb5 Ke5 35. Nc3 f4 36. f3 Bc7 37. Nb5 Bb6 38. a4 f6 39. a5 Bxa5 40. Nxa7 Bb6
41. Nb5 Bf7 42. Bc6 Ba5 43. Bb7 Be6 44. Na7 Bb6 45. Nb5 c4 46. bxc4 dxc4 47. Bc6
Bf5 48. Kd1 Ba5 49. Be8 Be6 50. Bc6 Bf7 51. Ke2 Bg6 52. Kd1 h5 53. Bd7 Kd5 54.
c3 h4 55. Kd2 Bb6 56. Na3 Bd3 57. Be8 Bf2 58. Nc2 Bf1 59. Bd7 Bxg2 60. Ke2 Bb6
61. Ne1 Bh1 62. Be8 Ba5 63. Kd2 Kc5 64. Bd7 Kd6 65. Bb5 Kc5 66. Bd7 Kd5 67. Be8
Bb6 68. Bf7+ Kc5 69. Ke2 Kb5 70. Be8+ Kc5 71. Bf7 Bc7 72. Be6 Be5 73. Kd2 Kb5
74. Bd7+ Kc5 75. Be6 Kb5 1/2-1/2

[Event "TCh-CHN 2017"]
[Site "China CHN"]
[Date "2017.07.26"]
[Round "8.4"]
[Board "5"]
[White "Zhu, Jiner"]
[Black "Ni, Shiqun"]
[Result "0-1"]
[BlackTitle "WGM"]
[WhiteElo "2324"]
[BlackElo "2441"]
[WhiteTeam "Zhejiang"]
[BlackTeam "Shanghai"]
[WhiteFideId "8608059"]
[BlackFideId "8608466"]
[EventDate "2017.04.18"]

1. e4 e5 2. Nf3 Nf6 3. Nxe5 d6 4. Nf3 Nxe4 5. Nc3 Nxc3 6. dxc3 Be7 7. Be3 Nc6 8.
Qd2 Ne5 9. O-O-O Nxf3 10. gxf3 Be6 11. Bd4 Rg8 12. Rg1 g6 13. Qh6 Qd7 14. b3 a6
15. Qxh7 O-O-O 16. Qh6 g5 17. Bd3 Bf8 18. Qh7 Be7 19. Qh6 Bf8 20. Qh7 Be7 21. c4
d5 22. c5 f6 23. c6 Ba3+ 24. Kb1 Qxc6 25. Bxf6 Rd7 26. Qh6 Bf8 27. Qh5 Bf7 28.
Qg4 Qxf6 29. Bf5 Qd8 30. c4 Bg6 31. Rxd5 Bxf5+ 32. Qxf5 Bd6 33. c5 Rf8 34. Qh3
Bf4 35. Rgd1 Rf7 36. Qe6 c6 37. R5d3 Re7 38. Rxd7 Rxd7 39. h4 Kc7 0-1

[Event "TCh-CHN 2017"]
[Site "China CHN"]
[Date "2017.07.26"]
[Round "8.5"]
[Board "1"]
[White "Yu, Ruiyuan"]
[Black "Moiseenko, Alexander"]
[Result "0-1"]
[WhiteTitle "GM"]
[BlackTitle "GM"]
[WhiteElo "2499"]
[BlackElo "2667"]
[WhiteTeam "Jiangsu"]
[BlackTeam "Chengdu"]
[WhiteFideId "8603090"]
[BlackFideId "14102560"]
[EventDate "2017.04.18"]

1. e4 c5 2. Nf3 Nc6 3. d4 cxd4 4. Nxd4 e5 5. Nb5 d6 6. N1c3 a6 7. Na3 Be7 8. Nc4
b5 9. Ne3 Nf6 10. Bd3 O-O 11. a4 Be6 12. axb5 axb5 13. Rxa8 Qxa8 14. Bxb5 Nb4
15. Bd3 d5 16. exd5 Nfxd5 17. Ncxd5 Nxd5 18. Qf3 Nxe3 19. Qxa8 Nxc2+ 20. Kd2
Rxa8 21. Kxc2 f5 22. f3 Rc8+ 23. Kb1 Bb4 24. Rd1 Kf7 25. Bc2 Kf6 26. Bd2 Rb8 27.
Bd3 g6 28. Kc2 Ba3 29. Bc3 Bb3+ 30. Kd2 Bxd1 31. bxa3 Bb3 32. f4 Ke6 33. Bxe5
Rc8 34. g3 Kd5 35. Ke3 Rc1 36. Be2 Ke6 37. Bd4 Bd5 38. Kd2 Rh1 39. h4 Rh3 40.
Bf2 Rh2 41. Ke3 Rh1 42. Kd2 Ra1 43. Bc5 h5 44. Bb5 Ra2+ 45. Ke1 Bb3 46. Be8 Kd5
47. Bb4 Ke4 48. Bxg6 Kf3 49. Bxh5+ Kxg3 50. Bg6 Kf3 51. Bh5+ Kxf4 52. Be2 Ke4
53. h5 f4 54. h6 f3 55. Bb5 Rc2 56. Be7 f2+ 57. Kf1 Kf3 58. Bg5 Be6 0-1

[Event "TCh-CHN 2017"]
[Site "China CHN"]
[Date "2017.07.26"]
[Round "8.5"]
[Board "2"]
[White "Wei, Yi"]
[Black "Liu, Guanchu"]
[Result "1/2-1/2"]
[WhiteTitle "GM"]
[BlackTitle "IM"]
[WhiteElo "2743"]
[BlackElo "2462"]
[WhiteTeam "Jiangsu"]
[BlackTeam "Chengdu"]
[WhiteFideId "8603405"]
[BlackFideId "8603901"]
[EventDate "2017.04.18"]

1. b3 e5 2. Bb2 Nc6 3. e3 g6 4. f4 Bg7 5. Nf3 d6 6. fxe5 Nxe5 7. Nxe5 Bxe5 8.
Bxe5 dxe5 9. Nc3 c6 10. Qf3 Qh4+ 11. g3 Qg4 12. Qf2 Qf5 13. Qg2 Nf6 14. Bd3 Qh3
15. Qf3 Nh5 16. Ne4 O-O 17. Be2 Qf5 18. Qxf5 Bxf5 19. Nd6 Bc8 20. Rf1 f5 21.
Bxh5 gxh5 22. O-O-O Rf6 23. Nc4 e4 24. Rf4 Kg7 25. Rdf1 Bd7 26. Nb2 Rh6 27. Na4
Re8 28. Nc3 c5 29. Ne2 Rg6 30. R4f2 Kh6 31. Nf4 Rd6 32. Ne2 Rg8 33. Rd1 Re8 34.
Nf4 b6 35. Kb2 Rg8 36. d4 exd3 37. Rxd3 Rxd3 38. cxd3 Re8 39. Re2 Kg5 40. Kc3
Bc6 41. Re1 h4 42. gxh4+ Kxh4 43. Kd2 Rg8 44. Rc1 a5 45. d4 Rd8 46. Ke1 Be4 47.
dxc5 Rc8 48. Kf2 bxc5 49. Ne6 Rg8 50. Rg1 Rxg1 51. Kxg1 Kg4 52. Kf2 Bb1 53. a3
c4 54. bxc4 Ba2 55. Nf8 Bxc4 56. Nxh7 Kh3 57. Kg1 Kg4 58. Kf2 Kh3 59. Kg1 Kg4
60. Kg2 f4 61. h3+ Kf5 62. exf4 Kxf4 63. Nf6 Ke5 64. Ng4+ Kd4 65. h4 Bf7 66. Kf3
Kc3 67. Ne5 Bh5+ 68. Kf4 Kb3 69. Kg5 Bd1 70. Ng4 Kxa3 71. h5 a4 72. h6 Bc2 73.
Ne5 Bh7 74. Kf6 Kb3 75. Kg7 a3 76. Kxh7 a2 77. Kg7 a1=Q 78. h7 Qxe5+ 79. Kg8 Kc4
80. h8=Q Qxh8+ 81. Kxh8 Kd4 1/2-1/2

[Event "TCh-CHN 2017"]
[Site "China CHN"]
[Date "2017.07.26"]
[Round "8.5"]
[Board "3"]
[White "Lin, Chen"]
[Black "Li, Di"]
[Result "1/2-1/2"]
[WhiteTitle "GM"]
[BlackTitle "IM"]
[WhiteElo "2477"]
[BlackElo "2485"]
[WhiteTeam "Jiangsu"]
[BlackTeam "Chengdu"]
[WhiteFideId "8602298"]
[BlackFideId "8607508"]
[EventDate "2017.04.18"]

1. e4 e5 2. Nf3 Nc6 3. Bb5 a6 4. Ba4 Nf6 5. d4 exd4 6. O-O Be7 7. e5 Ne4 8. Re1
Nc5 9. Bxc6 dxc6 10. Nxd4 h5 11. Nc3 Ne6 12. Nf5 Qxd1 13. Rxd1 h4 14. Nxe7 Kxe7
15. f4 Nf8 16. Be3 Bf5 17. Bc5+ Ke8 18. Bxf8 Rxf8 19. Rd2 Ke7 20. Kf2 Rad8 21.
Rad1 Rxd2+ 22. Rxd2 g5 23. fxg5 Rg8 24. Ke3 Rxg5 25. Kf4 Rh5 26. Ne2 Be6 27. Nd4
c5 28. Nxe6 Kxe6 29. Kg4 Rh7 30. Re2 c4 31. c3 b5 32. a3 c5 33. h3 a5 34. Kg5 b4
35. a4 Rh8 36. Kg4 Rh6 37. Kg5 Rh7 38. Kg4 Rh8 39. Kg5 Rh7 40. Kg4 Rh8 1/2-1/2

[Event "TCh-CHN 2017"]
[Site "China CHN"]
[Date "2017.07.26"]
[Round "8.5"]
[Board "4"]
[White "Ren, Xiaoyi"]
[Black "Yuan, Ye"]
[Result "0-1"]
[WhiteElo "2254"]
[BlackElo "2159"]
[WhiteTeam "Chengdu"]
[BlackTeam "Jiangsu"]
[WhiteFideId "8608709"]
[BlackFideId "8608415"]
[EventDate "2017.04.18"]

1. d4 d5 2. c4 e6 3. Nf3 c6 4. e3 Bd6 5. Nbd2 f5 6. Ne5 Nf6 7. Bd3 O-O 8. b3 Ne4
9. O-O Nd7 10. Bb2 Nxd2 11. Qxd2 Nxe5 12. dxe5 Bc5 13. Qc2 b6 14. Rad1 Qe7 15.
Bd4 Bd7 16. f4 Rac8 17. Be2 Kh8 18. Bxc5 Qxc5 19. Rd4 b5 20. Rc1 bxc4 21. bxc4
Qa5 22. c5 Rb8 23. Ra4 Qc7 24. Qc3 Rb7 25. Ba6 Rbb8 26. Qa3 Rg8 27. Bd3 Rb7 28.
Ba6 Rbb8 29. h4 h6 30. Qc3 Qd8 31. Bd3 Rb7 32. Rb1 Rxb1+ 33. Bxb1 Qxh4 34. Rxa7
Be8 35. Qd2 g5 36. Qf2 Qg4 37. Bc2 d4 38. exd4 gxf4 39. Ra3 Bh5 40. Kh2 Qg5 41.
Ra7 Bg4 42. Ra3 Qh5+ 43. Kg1 f3 44. g3 f4 45. Qh2 Bh3 0-1

[Event "TCh-CHN 2017"]
[Site "China CHN"]
[Date "2017.07.26"]
[Round "8.5"]
[Board "5"]
[White "Lagno, Kateryna"]
[Black "Guo, Qi"]
[Result "1-0"]
[WhiteTitle "GM"]
[BlackTitle "IM"]
[WhiteElo "2547"]
[BlackElo "2396"]
[WhiteTeam "Chengdu"]
[BlackTeam "Jiangsu"]
[WhiteFideId "14109336"]
[BlackFideId "8604002"]
[EventDate "2017.04.18"]

1. e4 c6 2. Nc3 d5 3. Nf3 Bg4 4. h3 Bxf3 5. Qxf3 Nf6 6. Be2 e6 7. O-O dxe4 8.
Nxe4 Nxe4 9. Qxe4 Qd5 10. Bf3 Qxe4 11. Bxe4 Nd7 12. d4 Nf6 13. Bf3 Bd6 14. c3
O-O 15. g3 a5 16. Bd2 Rfd8 17. Rad1 Rd7 18. Kg2 h6 19. h4 Bc7 20. Rfe1 Rad8 21.
Bc1 Bb8 22. Kh3 e5 23. dxe5 Rxd1 24. Bxd1 Bxe5 25. Bb3 Bd6 26. Be3 Nd7 27. Rd1
Bc7 28. Bd4 Nb6 29. Re1 Nc8 30. Bc5 Bd6 31. Bd4 Bc7 32. Kg2 Kf8 33. Bc5+ Bd6 34.
Rd1 Ke8 35. Bd4 Kf8 36. a4 Be7 37. h5 Kg8 38. Kf3 Bf6 39. Bxf6 Rxd1 40. Bxd1
gxf6 41. Ke4 Kf8 42. Kd4 b6 43. Bf3 Na7 44. b4 axb4 45. cxb4 Ke7 46. a5 bxa5 47.
bxa5 Kd6 48. a6 f5 49. Be2 Nc8 50. Bd3 Nb6 51. Bxf5 c5+ 52. Kd3 Kc7 53. Ke4 Na4
54. Ke5 Nc3 55. g4 1-0

[Event "TCh-CHN 2017"]
[Site "China CHN"]
[Date "2017.07.26"]
[Round "8.6"]
[Board "1"]
[White "Peng, Hongchi"]
[Black "Zhao, Jun"]
[Result "0-1"]
[BlackTitle "GM"]
[WhiteElo "2221"]
[BlackElo "2604"]
[WhiteTeam "Hebei"]
[BlackTeam "Shandong"]
[WhiteFideId "8609047"]
[BlackFideId "8602522"]
[EventDate "2017.04.18"]

1. e4 g6 2. c4 e5 3. Nf3 Bg7 4. d4 exd4 5. Nxd4 Nc6 6. Nc2 d6 7. g3 Be6 8. Nc3
Qd7 9. Nd5 O-O-O 10. h4 Bg4 11. f3 Be6 12. Nce3 Nge7 13. Nf4 Kb8 14. Kf2 Bd4 15.
Rb1 f5 16. Bh3 Bxc4 17. Kg2 Bxa2 18. Ra1 Bf7 19. Qa4 Bb6 20. Nc4 Bxc4 21. Qxc4
d5 22. Nxd5 Nxd5 23. Rd1 Na5 24. Qf1 Qf7 25. exd5 Nb3 26. Ra3 Nxc1 27. Rxc1 Qxd5
28. Rc2 Rhe8 29. Kh2 f4 30. gxf4 Qd4 31. Qc1 Re7 32. Rg2 c6 33. b3 Qf6 34. Ra4
Qxh4 35. Re4 Rxe4 36. fxe4 Rd3 0-1

[Event "TCh-CHN 2017"]
[Site "China CHN"]
[Date "2017.07.26"]
[Round "8.6"]
[Board "2"]
[White "Zhang, Ziji"]
[Black "Wen, Yang"]
[Result "0-1"]
[BlackTitle "GM"]
[WhiteElo "2355"]
[BlackElo "2605"]
[WhiteTeam "Hebei"]
[BlackTeam "Shandong"]
[WhiteFideId "8609470"]
[BlackFideId "8602956"]
[EventDate "2017.04.18"]

1. d4 Nf6 2. c4 e6 3. Nf3 d5 4. Nc3 a6 5. cxd5 exd5 6. Bg5 Be6 7. e3 Nbd7 8. Bd3
Bd6 9. Qc2 c6 10. Bf4 Qc7 11. Bxd6 Qxd6 12. Ng5 Bg4 13. h3 Bh5 14. g4 Bg6 15.
O-O-O Qe7 16. Nf3 O-O-O 17. Nd2 Kb8 18. Kb1 Rc8 19. Rc1 Rhd8 20. Bf5 Ne8 21. h4
Nd6 22. Bd3 Qe6 23. g5 Rh8 24. Ne2 Qe7 25. Nf4 Nf8 26. Nxg6 hxg6 27. Nb3 Ne6 28.
Nc5 Rh7 29. Qb3 Nxc5 30. Rxc5 Ne4 31. Rc2 Ka7 32. f4 Rch8 33. Rhc1 Rxh4 34. a3
Rh3 35. Bf1 Rh2 36. Bg2 Nd6 37. Ka1 Nf5 38. Rxc6 bxc6 39. Rxc6 Qb7 40. Qc3 Rxg2
41. Rc7 Rh1+ 0-1

[Event "TCh-CHN 2017"]
[Site "China CHN"]
[Date "2017.07.26"]
[Round "8.6"]
[Board "3"]
[White "Wan, Yunguo"]
[Black "Bu, Xiangzhi"]
[Result "1/2-1/2"]
[WhiteTitle "GM"]
[BlackTitle "GM"]
[WhiteElo "2486"]
[BlackElo "2730"]
[WhiteTeam "Hebei"]
[BlackTeam "Shandong"]
[WhiteFideId "8603189"]
[BlackFideId "8601445"]
[EventDate "2017.04.18"]

1. e4 e5 2. Nf3 d6 3. d4 exd4 4. Nxd4 Nf6 5. Nc3 Be7 6. g3 O-O 7. Bg2 Re8 8. O-O
Bf8 9. Re1 c6 10. h3 Nbd7 11. b3 Nc5 12. Bb2 Bd7 13. Qd2 Qc7 14. g4 h6 15. b4
Na6 16. a3 c5 17. bxc5 Nxc5 18. Rad1 Qb6 19. Ba1 Qa5 20. Nf5 Bxf5 21. exf5 Qxa3
22. Nd5 Ncd7 23. Nxf6+ Nxf6 24. Bxf6 gxf6 25. Bxb7 Rxe1+ 26. Rxe1 Rb8 27. Bd5
Kg7 28. Kg2 a5 29. Qd4 Qc5 30. Qxc5 dxc5 31. Ra1 Rd8 32. c4 Bd6 33. Rxa5 Rd7 34.
f4 Bxf4 35. Rxc5 Ra7 36. Rb5 Bc7 37. Kf3 Kf8 38. Ke4 Ke7 39. Rb7 Rxb7 40. Bxb7
Kd6 41. Bd5 Kc5 42. Kf3 Ba5 43. Kf2 Kd4 44. Bxf7 Bb4 45. Bd5 Ke5 46. Bf7 Ke4 47.
Ke2 Bd6 48. Bd5+ Kd4 49. Kf3 Bb4 50. Ke2 Bd6 51. Kf3 Bb4 52. h4 Be7 53. Bg8 Bd8
54. Bf7 Be7 55. Be6 Bd8 56. Kf4 Bc7+ 57. Kf3 Bd8 58. g5 fxg5 59. hxg5 hxg5 60.
Kg4 Be7 61. Kh5 Ke5 62. Kg6 g4 63. Bd5 g3 1/2-1/2

[Event "TCh-CHN 2017"]
[Site "China CHN"]
[Date "2017.07.26"]
[Round "8.6"]
[Board "4"]
[White "Zhang, Xiaowen"]
[Black "Wang, Doudou"]
[Result "1/2-1/2"]
[WhiteTitle "WGM"]
[BlackTitle "WIM"]
[WhiteElo "2332"]
[BlackElo "2191"]
[WhiteTeam "Shandong"]
[BlackTeam "Hebei"]
[WhiteFideId "8603219"]
[BlackFideId "8603197"]
[EventDate "2017.04.18"]

1. e4 d5 2. exd5 Qxd5 3. Nc3 Qd6 4. d4 Nf6 5. Nf3 c6 6. g3 Bg4 7. Bg2 e6 8. O-O
Qc7 9. h3 Bxf3 10. Qxf3 Nbd7 11. Re1 Be7 12. b3 O-O 13. Bb2 Rad8 14. Rad1 Rfe8
15. Ne4 Nxe4 16. Qxe4 Nf6 17. Qf3 Rd7 18. c4 Red8 19. Rd3 Ne8 20. Red1 Bf6 21.
Bc3 Nd6 22. Qf4 Nf5 23. Qxc7 Rxc7 24. Ba5 b6 25. Bc3 h6 26. Kf1 Kf8 27. f4 c5
28. d5 Bxc3 29. Rxc3 exd5 30. Bxd5 Nd4 1/2-1/2

[Event "TCh-CHN 2017"]
[Site "China CHN"]
[Date "2017.07.26"]
[Round "8.6"]
[Board "5"]
[White "Ning, Kaiyu"]
[Black "Zhai, Mo"]
[Result "1/2-1/2"]
[BlackTitle "WGM"]
[WhiteElo "2169"]
[BlackElo "2302"]
[WhiteTeam "Shandong"]
[BlackTeam "Hebei"]
[WhiteFideId "8614750"]
[BlackFideId "8600201"]
[EventDate "2017.04.18"]

1. d4 Nf6 2. c4 e6 3. Nf3 b6 4. g3 Bb7 5. Bg2 Be7 6. O-O O-O 7. Re1 c5 8. d5
exd5 9. Nh4 Ne4 10. cxd5 Bxh4 11. Bxe4 Bf6 12. Nc3 d6 13. Qc2 h6 14. Bf4 a6 15.
Rad1 Re8 16. Bg2 b5 17. Ne4 Be7 18. g4 Ra7 19. Ng3 Bc8 20. h3 Bf8 21. e4 Nd7 22.
Nf5 Nb6 23. b3 Bxf5 24. exf5 Rae7 25. Re3 Rxe3 26. Bxe3 Be7 27. Qd2 Nd7 28. Re1
Bg5 29. f4 Bh4 30. Bf2 Bxf2+ 31. Qxf2 Kf8 32. Kf1 Qa5 33. Rxe8+ Kxe8 34. Qe1+
Qxe1+ 35. Kxe1 Ke7 36. Kd2 Kf6 37. Be4 Nb6 38. h4 Ke7 39. Bf3 a5 40. Kd3 f6 41.
Ke4 Nd7 42. Be2 c4 43. bxc4 Nc5+ 44. Ke3 b4 45. Bd1 Kd8 46. Bc2 Kc7 47. Kf3 a4
48. Ke3 Kb6 49. Bb1 Ka5 50. Kd2 a3 51. h5 Kb6 52. Ke3 b3 53. Kd4 Ka5 54. Kc3
bxa2 55. Bxa2 Ka4 56. Bb1 Ka5 57. Ba2 Ne4+ 58. Kb3 Kb6 59. Kxa3 Kc5 60. Kb3 Nf2
61. Kc3 Nxg4 62. Kd3 Nf2+ 63. Ke3 Nd1+ 64. Kd2 Nb2 65. Kc3 Na4+ 66. Kb3 Nb6 67.
Kc3 Nd7 68. Bb1 Kb6 69. Kb4 Nc5 70. Bc2 Na6+ 71. Kc3 Nc5 72. Kb4 Na6+ 73. Kc3
Ka5 74. Bd1 Nc5 75. Bc2 Nd7 76. Bd1 Ka6 77. Bc2 Nc5 78. Kb4 Kb6 79. Bb1 Na6+ 80.
Kc3 Ka5 81. Bc2 Nc5 82. Bd1 Ne4+ 83. Kd4 Nc5 84. Kc3 Ne4+ 1/2-1/2

[Event "TCh-CHN 2017"]
[Site "China CHN"]
[Date "2017.07.27"]
[Round "9.1"]
[Board "1"]
[White "Bu, Xiangzhi"]
[Black "Wang, Yiye"]
[Result "1-0"]
[WhiteTitle "GM"]
[BlackTitle "IM"]
[WhiteElo "2730"]
[BlackElo "2435"]
[WhiteTeam "Shandong"]
[BlackTeam "Beijing"]
[WhiteFideId "8601445"]
[BlackFideId "8606021"]
[EventDate "2017.04.18"]

1. d4 Nf6 2. c4 e6 3. Nc3 Bb4 4. f3 d5 5. a3 Bxc3+ 6. bxc3 c5 7. e3 O-O 8. cxd5
exd5 9. Bd3 b6 10. Ne2 Ba6 11. O-O Re8 12. Ng3 Bxd3 13. Qxd3 Nc6 14. Bb2 h5 15.
e4 h4 16. Nf5 dxe4 17. fxe4 Rxe4 18. Nxg7 Ne5 19. Qc2 cxd4 20. cxd4 Rc8 21. Qb3
Neg4 22. Nf5 Qd5 23. Qd3 Rce8 24. Bc1 Re2 25. Nxh4 Qe4 26. Qxe4 Nxe4 27. Nf5 Nd2
28. Bxd2 Rxd2 29. Rf3 Nf6 30. Rc1 Nd5 31. Nd6 Rf8 32. Rcf1 Rxd4 33. Nxf7 Rf4 34.
Rxf4 Nxf4 35. Rxf4 Rxf7 36. Rxf7 Kxf7 37. Kf2 1-0

[Event "TCh-CHN 2017"]
[Site "China CHN"]
[Date "2017.07.27"]
[Round "9.1"]
[Board "2"]
[White "Zhao, Jun"]
[Black "Fang, Yan"]
[Result "1/2-1/2"]
[WhiteTitle "GM"]
[WhiteElo "2604"]
[BlackElo "2426"]
[WhiteTeam "Shandong"]
[BlackTeam "Beijing"]
[WhiteFideId "8602522"]
[BlackFideId "8604746"]
[EventDate "2017.04.18"]

1. d4 Nf6 2. c4 d6 3. Nc3 e5 4. Nf3 Nbd7 5. e4 Be7 6. Be2 O-O 7. O-O c6 8. Be3
a6 9. Qc2 b5 10. d5 cxd5 11. cxd5 Qc7 12. a3 Ng4 13. Bd2 f5 14. exf5 Nc5 15. Ne4
Bxf5 16. Bd3 Qd7 17. Nxc5 dxc5 18. Bc3 Bxd3 19. Qxd3 Nf6 20. Nxe5 Qxd5 21. Rad1
Qxd3 22. Rxd3 c4 23. Rdd1 Bc5 24. Nd7 Nxd7 25. Rxd7 Rf7 26. Rxf7 Kxf7 27. Rd1
Be7 28. f4 Ra7 29. Kf2 a5 30. Ke3 b4 31. Bd4 Rc7 32. axb4 axb4 33. Be5 Rc8 34.
Rc1 g6 35. Kd4 c3 36. bxc3 Rxc3 37. Rxc3 bxc3 38. Kxc3 h5 39. Kd4 Ke6 40. Ke4
Bd8 41. h3 Be7 42. Bg7 Bd8 43. Bh6 Be7 44. Bg5 Bc5 45. Kf3 Kf5 46. g4+ hxg4+ 47.
hxg4+ Ke6 48. Ke4 1/2-1/2

[Event "TCh-CHN 2017"]
[Site "China CHN"]
[Date "2017.07.27"]
[Round "9.1"]
[Board "3"]
[White "Wen, Yang"]
[Black "Li, Chao b"]
[Result "1/2-1/2"]
[WhiteTitle "GM"]
[BlackTitle "GM"]
[WhiteElo "2605"]
[BlackElo "2732"]
[WhiteTeam "Shandong"]
[BlackTeam "Beijing"]
[WhiteFideId "8602956"]
[BlackFideId "8604436"]
[EventDate "2017.04.18"]

1. d4 Nf6 2. c4 g6 3. Nf3 Bg7 4. g3 c6 5. Bg2 O-O 6. O-O d5 7. cxd5 cxd5 8. Ne5
Ne4 9. Nc3 Nxc3 10. bxc3 Nc6 11. Nxc6 bxc6 12. Qa4 Qb6 13. Ba3 Qa6 14. Qxa6 Bxa6
15. Rfe1 Rfe8 16. Bf1 e6 17. e3 Bxf1 18. Kxf1 Bf8 19. Bxf8 Kxf8 20. Rab1 Reb8
21. Rb3 Rb6 22. Reb1 Rab8 23. Ke2 Ke7 24. Kd3 Kd6 25. c4 c5 26. cxd5 Kxd5 27.
dxc5 Rxb3+ 28. axb3 Rb5 29. b4 a5 30. c6 Kxc6 31. Rc1+ Kd6 32. bxa5 Rxa5 33. Ke4 1/2-1/2